La geología de las sierras de la provincia de Buenos Aires y sus relaciones con las montañas de Sud África y los Andes, (Record no. 25700)

MARC details
000 -LEADER
fixed length control field 01151cam a22002411 4500
001 - CONTROL NUMBER
control field gs 16000564
003 - CONTROL NUMBER IDENTIFIER
control field DLC
005 - DATE AND TIME OF LATEST TRANSACTION
control field 20260227111320.0
008 - FIXED-LENGTH DATA ELEMENTS--GENERAL INFORMATION
fixed length control field 920520s1916 ag abf b 000 0 spa c
010 ## - LIBRARY OF CONGRESS CONTROL NUMBER
LC control number gs 16000564
035 ## - SYSTEM CONTROL NUMBER
System control number (OCoLC)25847529
040 ## - CATALOGING SOURCE
Original cataloging agency Library, U.S. Geological Survey
Transcribing agency CSt
Modifying agency DLC
042 ## - AUTHENTICATION CODE
Authentication code premarc
050 00 - LIBRARY OF CONGRESS CALL NUMBER
Classification number QE231
Item number .K45
100 1# - MAIN ENTRY--PERSONAL NAME
Personal name Keidel, Hans,
Dates associated with a name 1877-
245 03 - TITLE STATEMENT
Title La geología de las sierras de la provincia de Buenos Aires y sus relaciones con las montañas de Sud África y los Andes,
Statement of responsibility, etc. por el doctor J. Keidel ...
260 ## - PUBLICATION, DISTRIBUTION, ETC.
Place of publication, distribution, etc. Buenos Aires,
Name of publisher, distributor, etc. Talleres gráficos del Ministerio de agricultura de la nación,
Date of publication, distribution, etc. 1916.
300 ## - PHYSICAL DESCRIPTION
Extent 78 p.
Other physical details XIII pl. (part fold., incl. maps, profiles) fold. map, diagrs.
Dimensions 27 cm.
490 0# - SERIES STATEMENT
Series statement Agrentine Republic. Ministerio de agricultura de la nación. Sección geología, mineralogía y minería. Anales.
Volume/sequential designation t. XI, núm. 3
500 ## - GENERAL NOTE
General note At head of title: ... Dirección general de minas, geología e hi9drologia. Contribución al conocimiento geológico de la República Argentina. I. Geoglogía.
504 ## - BIBLIOGRAPHY, ETC. NOTE
Bibliography, etc. note "Bibliografía": p. 65-71.
650 #0 - SUBJECT ADDED ENTRY--TOPICAL TERM
Topical term or geographic name entry element Geology
Geographic subdivision Argentina.

No items available.

Powered by Koha